header

Electrical installation designs (Record no. 36613)

MARC details
000 -LEADER
fixed length control field 01220nam a2200325Ia 4500
100 1# - MAIN ENTRY--AUTHOR NAME
Personal name Atkinson, Bill.
245 10 - TITLE STATEMENT
Title Electrical installation designs
250 ## - EDITION STATEMENT
Edition statement 3rd ed.
260 ## - PUBLICATION, DISTRIBUTION, ETC. (IMPRINT)
Place of publication Malden, MA :
Name of publisher Blackwell Science,
Year of publication 2003.
300 ## - PHYSICAL DESCRIPTION
Number of Pages xii, 211 p.
650 #0 - SUBJECT ADDED ENTRY--TOPICAL TERM
Topical Term Electric wiring, Interior.
Topical Term Electrical engineering.
700 1# - ADDED ENTRY--PERSONAL NAME
Personal name Lovegrove, Roger.
856 40 - ELECTRONIC LOCATION AND ACCESS
Uniform Resource Identifier http://site.ebrary.com/lib/rucke/Doc?id=10243633

No items available.

© 2026 Rongo University
Contact us: librarian | system librarian | Rongo university